Nuclear research emulsions / (Record no. 9360)
[ view plain ]
| 000 -LEADER | |
|---|---|
| fixed length control field | 01011cam a22003011 4500 |
| 001 - CONTROL NUMBER | |
| control field | 9360 |
| 003 - CONTROL NUMBER IDENTIFIER | |
| rucl marc code | BD-RjUL |
| 005 - DATE AND TIME OF LATEST TRANSACTION | |
| control field | 20211208234750.0 |
| 008 - FIXED-LENGTH DATA ELEMENTS--GENERAL INFORMATION | |
| fixed length control field | 140120m19631973nyua b 001 0 eng |
| 035 ## - SYSTEM CONTROL NUMBER | |
| System control number | (BD-RjUL)9405 |
| System control number | (OCoLC)796798 |
| 040 ## - CATALOGING SOURCE | |
| Original cataloging agency | DLC |
| Transcribing agency | NIC |
| Modifying agency | OCoLC |
| -- | DLC |
| -- | BD-RjUL |
| Language of cataloging | eng |
| 041 ## - LANGUAGE CODE | |
| Language code of text/sound track or separate title | eng |
| 082 ## - DEWEY DECIMAL CLASSIFICATION NUMBER | |
| Classification number | 539.778 |
| Author mark and year | BAN 1963 |
| 100 1# - MAIN ENTRY--PERSONAL NAME | |
| Personal name | Barkas, Walter H. |
| 9 (RLIN) | 29002 |
| 245 10 - TITLE STATEMENT | |
| Title | Nuclear research emulsions / |
| Statement of responsibility, etc. | Walter H. Barkas. |
| 260 ## - PUBLICATION, DISTRIBUTION, ETC. (IMPRINT) | |
| Place of publication, distribution, etc. | New York : |
| Name of publisher, distributor, etc. | Academic Press, |
| Date of publication, distribution, etc. | c1963 |
| 300 ## - PHYSICAL DESCRIPTION | |
| Pagination | xvi, 518 : |
| Illustrations | illus. ; |
| Size | 24 cm. |
| 504 ## - BIBLIOGRAPHY, ETC. NOTE | |
| Bibliography, etc | Includes bibliographies Index. |
| 505 0# - FORMATTED CONTENTS NOTE | |
| Formatted contents note | v. 1. Techniques and theory.--v. 2. Particle behavior and emulsion applications, edited by D.A. Evans. |
| 650 #0 - SUBJECT ADDED ENTRY--TOPICAL TERM | |
| Topical term or geographic name as entry element | Photography in nuclear physics. |
| 9 (RLIN) | 29003 |
| Topical term or geographic name as entry element | Photographic emulsions. |
| 9 (RLIN) | 29004 |
| Topical term or geographic name as entry element | Particles (Nuclear physics) |
| 9 (RLIN) | 20725 |
| 700 1# - ADDED ENTRY--PERSONAL NAME | |
| Personal name | Evans, David A. |
| Relator term | ed. |
| 942 ## - ADDED ENTRY ELEMENTS (KOHA) | |
| Source of classification or shelving scheme | Dewey Decimal Classification |
| Koha item type | Books |
| Lost status | Source of classification or shelving scheme | Materials specified (bound volume or other part) | Damaged status | Not for loan | Collection code | Permanent Location | Current Location | Shelving location | Date acquired | Source of acquisition | Cost, normal purchase price | Total Checkouts | Full call number | Date last seen | Copy number | Koha item type |
|---|---|---|---|---|---|---|---|---|---|---|---|---|---|---|---|---|
| Dewey Decimal Classification | V-15 | Non-fiction | Central Library, University of Rajshahi | Central Library, University of Rajshahi | 09/02/1970 | Zeitlinger | 185.00 | 539.778 BAN V-15 1963 | 20/01/2014 | C-2 | Books | |||||
| Dewey Decimal Classification | Not For Loan | Non-fiction | Central Library, University of Rajshahi | Central Library, University of Rajshahi | Reading Room | 09/02/1970 | Zeitlinger | 185.00 | 539.778 BAN V-1 1963 | 13/05/2017 | C-1 | Books | ||||
| Dewey Decimal Classification | Non-fiction | Central Library, University of Rajshahi | Central Library, University of Rajshahi | 10/11/1965 | Zeitlinger | 144.00 | 539.778 BAN V-1 1963 | 13/05/2017 | C-3 | Books |